| 000 | 01728 a2200301 4500 | ||
|---|---|---|---|
| 001 | 30271 | ||
| 005 | 20260407155614.0 | ||
| 008 | 260407a1980 arg spa d | ||
| 003 | AR-UNSa-BCEJYS | ||
| 040 |
_aAR-UNSa-BCEJYS _bspa _cAR-UNSa-BCEJYS |
||
| 080 |
_a657.6 _xAuditoria (control interno) |
||
| 245 | 1 | 0 | _aEnsayos sobe auditoria |
| 264 | 1 |
_aBuenos Aires : _bEdiciones Macchi _c1980 |
|
| 300 |
_a334 p. _c22 cm. |
||
| 505 | _a1. Comentario general sobre la auditoria exrterna en la argentina - 2. Reflexiones sobre la anti- auditoria en la argentina - 3. Un intento de desemarañar las contradictorias normas y disposiciones sobre el dictamen del contador público - 4. La revisión de inversiones en titulos valores y sus rentas o resultados - 5. Las particularidades del registro y control del activo fijo - 6. Conceptos sobre la auidtoria y el procesamiento electronico de datos - 7. Algunas relexiones respecto a la revisión de las existencias de bienes de cambio - 8. El control interno visto por el auditor externo - 9. Las contingenias de los resultados de litigios y reclamaciones y su evaluación por auditores externos - 10. Auditoria y sindicatura en las sociedades comerciales Argentinas¿ una complementación útil o una duplicación de refuerzos sin sentido?. | ||
| 942 | _cBK | ||
| 590 | _aniveau_biblio:m niveau_hierar:0 | ||
| 100 | 1 | _aChapman, William Leslie | |
| 700 | 1 | _aCandioti, Eduardo María | |
| 700 | 1 | _aGonzalez García, Ignacio A. | |
| 700 | 1 | _aLattuca, Antonio Juan | |
| 700 | 1 | _aMarchese, Esteban | |
| 700 | 1 | _aMenzani, Alberto C. J. | |
| 700 | 1 | _aNaveyra, Julio P. | |
| 700 | 1 | _aSlosse, Carlos Alberto | |
| 700 | 1 | _aWainstein, Mario | |
| 700 | 1 | _aWawrzniak de Telias, Martha | |
| 999 |
_c2078 _d2078 |
||